000 00507cam a2200205ua 4500
001 7484
005 20260515114222.0
008 141211n ii |||gr||||Z||||||ben
040 _cMAIN
041 _aben
082 _a294.5
100 _aChowdhury, R. R.,
_eEditor.
245 _aPadmaporan :
_bManasmangal /
_cEdited by radhanath Rai Chowdhury .
250 _a4th.
260 _aKolkatta:
_bDeb,
_c1972.
300 _a297p.
653 _aReligions ofIndic origin
653 _aHinduism
942 _cBK
999 _c6602
_d6602